| 000 | 00379nam a2200157Ia 4500 | ||
|---|---|---|---|
| 008 | 230312s9999||||xx |||||||||||||| ||und|| | ||
| 020 | _a9780070583535 | ||
| 082 |
_a004.66 _bKAS-A |
||
| 100 | _aKasera, Sumit | ||
| 245 | 0 | _aATM Networks | |
| 260 |
_bTata McGraw Hill Publishing Company Ltd _aIndia _c2006 |
||
| 300 | _a466 | ||
| 546 | _aEng. | ||
| 650 | _aComputer | ||
| 942 | _cBK | ||
| 999 |
_c4693 _d4693 |
||